01644cam a2200373 i 450000100090000000300040000900500170001300800410003001000170007102000180008802000270010604000280013304200080016105000220016908200220019110000360021324502000024925000190044926400300046830000470049833600210054533700250056633800230059150000670061450000200068165000270070165000160072870000300074494200500077495201410082495201440096595201440110999900170125319048171OSt20250715123051.0160408s2018 nyua 001 0 eng  a 2016016748 a9789353940645 a0134497163 (hardcover) aDLCbengcDLCerdadDLC apcc00aHF1017b.S74 201800a519.502465bSTI/S1 aStine, Robert A.eauthor.9934710aStatistics for business :bdecision making and analysis /cRobert Stine, Wharton School of the University of Pennsylvania, Dean Foster, Emeritus, Wharton School of the University of Pennsylvania. aThird Edition. 1aBoston :bPearson,c2018. axxvi, 821 pages :billustratiobbs ;c29 cm atext2rdacontent aunmediated2rdamedia avolume2rdacarrier aRevised edition of the authors' Statistics for business, 2013. aIncludes index. 0aCommercial statistics. 0aStatistics.1 aFoster, Dean P.,eauthor. 2ddccBKh519.502465iSTI/Sk519.502465mSTI/S 00102ddc40708STATISTICSaMESbMEScSTAd2023-08-25l0o519.502465 STI/Sp42176r2023-08-25 11:49:33v1000.00w2023-08-25yBKzGL21R4 00102ddc40708STATISTICSaMESbMEScSTAd2023-08-26l0o519.502465 STI/Sp42220r2023-08-26 13:09:15t1v1000.00w2023-08-26yBKzGL21R4 00102ddc40708STATISTICSaMESbMEScSTAd2023-08-26l0o519.502465 STI/Sp42221r2023-08-26 13:09:15t2v1000.00w2023-08-26yBKzGL21R4 c41970d41970